| 000 | 00611nam a2200181Ia 4500 | ||
|---|---|---|---|
| 003 | LK-CoDNM | ||
| 008 | 010623t2003 xxu||||| |||| 00| 1 sin d | ||
| 040 |
_aLK-CoDNM _dLK-CoDNM _eLK-CoDNM |
||
| 041 | _asin | ||
| 080 | _aX 32 SEN | ||
| 100 | _aSenevirathna,Morin. | ||
| 245 | _aකුණාටුව නොනැවතී හමයි,ශ්රි ලංකාව,1948-2001 | ||
| 246 | _aKunaatuwa Nonevathee Hamai,Sri Lankawa 1948-2001 : A lasting storm Sri Lanka,1948-2001 | ||
| 260 |
_bMorin Senevirathna _c2003 |
||
| 300 | _b146p., 21 100: 955-8309-08-5 cm | ||
| 650 | _aPolitics | ||
| 942 | _cBK | ||
| 999 |
_c122773 _d122773 |
||